| 000 | 00469cam a2200169ua 4500 | ||
|---|---|---|---|
| 041 |
_aeng _h |
||
| 082 |
_a028.753311 _bMAY/JO |
||
| 100 | _aMayee, C D . | ||
| 245 |
_aJob opportunities and learning avenues for graduates of agricultural / _cC D Mayee. _hTextual Documents |
||
| 250 |
_a1 / _b. |
||
| 260 |
_a : _bMarathawada Agriculrual University , _c1998. |
||
| 300 | _a294 ; . | ||
| 504 | _a | ||
| 700 | 1 | _aDhoble, R L . | |
| 942 | _cBK | ||
| 999 |
_c10904 _d10904 |
||